Who was Ronald Reagan?

An introduction to the life and accomplishments of America's fourtieth president, Ronald Regan

Sparad:
Bibliografiska uppgifter
Huvudupphovsman: Milton, Joyce
Materialtyp: Bok
Språk:Undetermined
Publicerad: New York Grosset & Dunlap 2005
Ämnen:
Taggar: Lägg till en tagg
Inga taggar, Lägg till första taggen!
Thư viện lưu trữ: Trung tâm Học liệu Trường Đại học Cần Thơ
LEADER 00723nam a2200229Ia 4500
001 CTU_207908
008 210402s9999 xx 000 0 und d
020 |c 4.00 
082 |a 973.927092 
082 |b M662 
100 |a Milton, Joyce 
245 0 |a Who was Ronald Reagan? 
245 0 |c Joyce Milton ; illustrated by Elizabeth Wolf 
260 |a New York 
260 |b Grosset & Dunlap 
260 |c 2005 
520 |a An introduction to the life and accomplishments of America's fourtieth president, Ronald Regan 
650 |a Presidents,Tổng thống 
650 |x Biography,Tiểu sử 
650 |z United States,Hoa Kỳ 
904 |i Hải 
980 |a Trung tâm Học liệu Trường Đại học Cần Thơ